Statistieken voor Hoofdsteden per Letter - P

Klik hier om de quiz te nemen!

Algemene statistieken

  • Deze quiz is 457 keer genomen
  • De gemiddelde score is 12 van 18

Antwoordstatistieken

LandHoofdstad% Correct
FrankrijkParijs
93%
SurinameParamaribo
82%
TsjechiëPraag
80%
PanamaPanama-Stad
78%
KosovoPristina
77%
MontenegroPodgorica
70%
HaïtiPort-au-Prince
69%
Noord-KoreaPyongyang
64%
ChinaPeking
62%
Trinidad en TobagoPort of Spain
61%
CambodjaPhnom Penh
60%
Papoea-Nieuw-GuineaPort Moresby
59%
Zuid-AfrikaPretoria
59%
MauritiusPort Louis
56%
KaapverdiëPraia
56%
BeninPorto-Novo
53%
VanuatuPort Vila
52%
MicronesiaPalikir
49%

Scoreverdeling

Percentiel versus Aantal Correcte Antwoorden

Procent van Mensen met Elke Score

Uw Scoregeschiedenis

U heeft deze quiz nog niet genomen